सर्जना और सन्दर्भ / (Record no. 112921)

MARC details
000 -LEADER
fixed length control field 01235nam a22002537a 4500
005 - DATE AND TIME OF LATEST TRANSACTION
control field 20170124102945.0
010 ## - LIBRARY OF CONGRESS CONTROL NUMBER
LC control number B-151083
020 ## - INTERNATIONAL STANDARD BOOK NUMBER
Terms of availability 400.00
International Standard Book Number 812140181
035 ## - SYSTEM CONTROL NUMBER
System control number B-151083
037 ## - SOURCE OF ACQUISITION
Source of stock number/acquisition Cen Lib/Ret
040 ## - CATALOGING SOURCE
Original cataloging agency DPL
Language of cataloging HN
082 ## - DEWEY DECIMAL CLASSIFICATION NUMBER
Classification number 824
Item number अज्ञेय
100 ## - MAIN ENTRY--PERSONAL NAME
Personal name अज्ञेय, सचिदानन्द हीरानन्द वात्स्यायन
9 (RLIN) 49747
245 ## - TITLE STATEMENT
Title सर्जना और सन्दर्भ /
Statement of responsibility, etc सचिदानन्द हीरानन्द वात्स्यायन अज्ञेय
246 ## - VARYING FORM OF TITLE
Title proper/short title Sarjna aur sandarbh /
Remainder of title by Sachidanand Hiranand Vatsyayan Agyeya
260 ## - PUBLICATION, DISTRIBUTION, ETC. (IMPRINT)
Place of publication, distribution, etc नयी दिल्ली
Name of publisher, distributor, etc नेशनल पब्लिशिंग हाउस
Date of publication, distribution, etc 2004
270 ## - ADDRESS
City नयी दिल्ली
Address 2/35, अंसारी रोड, दरिया गंज
Postal code 110002
300 ## - PHYSICAL DESCRIPTION
Extent viii, 377 पृ.
Dimensions 21सेमी (सजिल्द)
650 ## - SUBJECT ADDED ENTRY--TOPICAL TERM
Topical term or geographic name as entry element हिन्दी साहित्य
9 (RLIN) 117908
650 ## - SUBJECT ADDED ENTRY--TOPICAL TERM
Topical term or geographic name as entry element साहित्यिक समस्याएं
9 (RLIN) 717
650 ## - SUBJECT ADDED ENTRY--TOPICAL TERM
Topical term or geographic name as entry element Hindi literature
9 (RLIN) 117909
650 ## - SUBJECT ADDED ENTRY--TOPICAL TERM
Topical term or geographic name as entry element Literary Problems
9 (RLIN) 49750
942 ## - ADDED ENTRY ELEMENTS (KOHA)
Source of classification or shelving scheme Dewey Decimal Classification
Koha item type Hindi Books
Classification part 824
Call number suffix अज्ञेय
Holdings
Withdrawn status Lost status Damaged status Not for loan Home library Current library Date acquired Source of acquisition Cost, normal purchase price Total Checkouts Total Renewals Full call number Barcode Date last seen Date checked out Copy number Cost, replacement price Price effective from Koha item type Source of classification or shelving scheme Collection code
        Central Library Central Library 10/08/2015 Cen Lib/Ret 400.00 2 1 824 अज्ञेय B-151083 12/12/2019 23/11/2019 1 400.00 15/09/2016 Hindi Books    
        Yojana Vihar Yojana Vihar 22/08/2019 BPPD/PUB 400.00     824 अज्ञेय B-151085 22/08/2019     400.00 22/08/2019 Hindi Books Dewey Decimal Classification Non-fiction

© Delhi Public Library
Hit Counter
free hit counter